U.S. States With Multiple Words - Statistics

General Stats
  • This quiz has been taken 36 times
  • The average score is 10 of 10
Answer Stats
U.S. State % Correct
North Carolina
100%
North Dakota
100%
New Mexico
97%
Rhode Island
97%
South Carolina
97%
South Dakota
97%
West Virginia
97%
New Hampshire
94%
New Jersey
94%
New York
94%
No matching quizzes found
Score Distribution
Percent of People with Each Score
Percentile by Number Answered
Your Score History
You have not taken this quiz